[Event "Gladsaxemesterskabet Mesterklasse 2004"]
[Site "Gladsaxe"]
[Date "2004.05.07"]
[Round "1"]
[White "Christensen, Jan N"]
[Black "Larsen, Peter"]
[Result "1/2-1/2"]
[WhiteElo "2001"]
[BlackElo "2180"]
[PlyCount "107"]
[EventDate "2004.05.07"]

1. e4 c5 2. Nc3 Nc6 3. f4 e6 4. Nf3 d5 5. Bb5 Nge7 6. O-O a6 7. Bxc6+ Nxc6 8.
d3 Be7 9. Qe1 dxe4 10. Nxe4 Nd4 11. Qf2 Nxf3+ 12. Qxf3 Bd7 13. Be3 Rc8 14. b3
O-O 15. Qf2 b6 16. a4 Bc6 17. Rad1 Ba8 18. a5 b5 19. Nxc5 Qxa5 20. Nd7 Rfd8 21.
Bb6 Qc3 22. Bxd8 Rxd8 23. Ne5 Bc5 24. d4 Rxd4 25. Kh1 f6 26. Nd3 Bb6 27. Qe2
Bd5 28. f5 Re4 29. Qd2 Qxd2 30. Rxd2 Ba5 31. Rdd1 exf5 32. Rxf5 Be6 33. Rf4 Re2
34. Rf2 Re3 35. h3 Bb6 36. Nf4 Re5 37. Re2 Rxe2 38. Nxe2 Bf5 39. Rd6 Be3 40. c3
Kf7 41. Rxa6 Bd3 42. Nd4 b4 43. Rc6 Kg6 44. Nf3 Be4 45. Rc7 Bf4 46. Rc4 bxc3
47. Rxc3 Bd6 48. Kg1 f5 49. Kf2 Kf6 50. Rc4 g5 51. Nd2 Bd5 52. Ra4 Bc5+ 53. Kf1
Be3 54. Nc4 1/2-1/2

[Event "Gladsaxemesterskabet Mesterklasse 2004"]
[Site "Gladsaxe"]
[Date "2004.05.07"]
[Round "1"]
[White "Hjortshoj, Mikkel"]
[Black "Samuelsen, Carl Eli"]
[Result "1/2-1/2"]
[WhiteElo "1989"]
[BlackElo "2179"]
[PlyCount "110"]
[EventDate "2004.05.07"]

1. e4 c5 2. Nf3 e6 3. d4 cxd4 4. Nxd4 a6 5. Nc3 Qc7 6. Bd3 Nf6 7. O-O d6 8. Kh1
b5 9. a3 Bb7 10. f4 Nbd7 11. Qe2 h5 12. Nf3 Ng4 13. Ng5 Qc5 14. e5 dxe5 15. Be4
Bxe4 16. Ncxe4 Qc4 17. Qf3 f5 18. Nd2 e4 19. Nxc4 exf3 20. gxf3 bxc4 21. fxg4
hxg4 22. Re1 Be7 23. Rxe6 Kf8 24. Kg2 Bxg5 25. fxg5 Re8 26. Rxe8+ Kxe8 27. Bf4
Nb6 28. Rd1 Kf7 29. Rd6 Rb8 30. b3 Rb7 31. a4 cxb3 32. cxb3 Nd7 33. a5 Nc5 34.
Rb6 Rxb6 35. axb6 g6 36. Kf2 Ke6 37. Ke3 Kd5 38. b4 Nb7 39. Kd3 a5 40. bxa5
Nxa5 41. Kc3 Kc5 42. Be3+ Kb5 43. Bf2 Kc6 44. Kd4 Kxb6 45. Ke5+ Kc7 46. Kf6 f4
47. Kxg6 Nc6 48. Kf6 Kd7 49. g6 Ne7 50. g7 Ng8+ 51. Kf7 Nh6+ 52. Kg6 Ng8 53.
Be1 Ke6 54. Kg5 f3 55. h4 Kf7 1/2-1/2

[Event "Gladsaxemesterskabet Mesterklasse 2004"]
[Site "Gladsaxe"]
[Date "2004.05.07"]
[Round "1"]
[White "Skovgaard, Peter Nicolai"]
[Black "Bronnum, Jan"]
[Result "1-0"]
[WhiteElo "1948"]
[BlackElo "2104"]
[PlyCount "75"]
[EventDate "2004.05.07"]

1. e4 d5 2. exd5 Qxd5 3. Nc3 Qa5 4. d4 c6 5. Nf3 Nf6 6. Bd2 Bf5 7. Ne4 Qc7 8.
Nxf6+ gxf6 9. g3 e6 10. Bg2 Bd6 11. Nh4 Bg6 12. O-O Nd7 13. Re1 O-O 14. Qg4
Rfe8 15. Nxg6 hxg6 16. c4 f5 17. Qh4 Be7 18. Bg5 Bxg5 19. Qxg5 Kg7 20. d5 cxd5
21. cxd5 e5 22. d6 Qxd6 23. Red1 Qf6 24. Qe3 f4 25. Qa3 Nb6 26. Bxb7 Rab8 27.
Rd6 Qe7 28. Ba6 f3 29. Rad1 e4 30. Bb5 Qe5 31. Bxe8 Nc4 32. Qxa7 Rxe8 33. Rd7
Qe6 34. Rxf7+ Kh6 35. Rh7+ Kg5 36. Qc5+ Kf6 37. h4 Qf5 38. Qxc4 1-0

[Event "Gladsaxemesterskabet Mesterklasse 2004"]
[Site "Gladsaxe"]
[Date "2004.05.07"]
[Round "1"]
[White "Brandstrup, Bo"]
[Black "Frederiksen, Henrik K"]
[Result "0-1"]
[WhiteElo "1906"]
[BlackElo "2037"]
[PlyCount "116"]
[EventDate "2004.05.07"]

1. Nf3 d6 2. d4 g6 3. g3 Bg7 4. Bg2 Nf6 5. O-O O-O 6. c4 c6 7. Nc3 Qa5 8. e4
Qh5 9. Nh4 Bg4 10. f3 Bc8 11. f4 Qxd1 12. Rxd1 Na6 13. h3 Nd7 14. Be3 Nb6 15.
b3 c5 16. Rac1 Re8 17. dxc5 dxc5 18. e5 g5 19. fxg5 Bxe5 20. Kf2 Rb8 21. Ne4
Nd7 22. Rd2 b6 23. Rcd1 Nf8 24. Rd5 Bc7 25. Bf4 Be6 26. R5d2 Ng6 27. Bxc7 Nxc7
28. Nf3 Kg7 29. Ke3 a5 30. Nc3 b5 31. cxb5 Nxb5 32. Nxb5 Rxb5 33. h4 a4 34.
bxa4 Ra5 35. h5 Nf8 36. Rc1 c4 37. Bf1 Rc8 38. Rc3 Rcc5 39. Rd8 Rxa4 40. h6+
Kg8 41. a3 Rca5 42. Kd4 Rxa3 43. Rxa3 Rxa3 44. Ne5 f6 45. gxf6 exf6 46. Nxc4
Rxg3 47. Ne3 Rg6 48. Nd5 Rxh6 49. Bc4 Kf7 50. Rb8 Nd7 51. Rb7 Rh5 52. Kc3 Rh3+
53. Kd4 Rh4+ 54. Kc3 Kf8 55. Ra7 Ne5 56. Ra8+ Kg7 57. Ra7+ Kh6 58. Bb3 Rh3+ 0-1

[Event "Gladsaxemesterskabet Mesterklasse 2004"]
[Site "Gladsaxe"]
[Date "2004.05.08"]
[Round "2"]
[White "Petersen, Steen Brustrup"]
[Black "Christensen, Jan N"]
[Result "0-1"]
[WhiteElo "2094"]
[BlackElo "2001"]
[PlyCount "64"]
[EventDate "2004.05.07"]

1. e4 e5 2. Nf3 Nc6 3. d4 exd4 4. Bc4 Nf6 5. e5 d5 6. Bb5 Ne4 7. Nxd4 Bd7 8.
Bxc6 Bxc6 9. Nxc6 bxc6 10. Be3 Bc5 11. Bxc5 Nxc5 12. O-O O-O 13. Nd2 Qd7 14. f4
Qf5 15. Nb3 Nxb3 16. cxb3 f6 17. Rc1 fxe5 18. Rxc6 exf4 19. Rxc7 Qe5 20. Rd7
Rad8 21. Re1 Qg5 22. Rxd8 Rxd8 23. Qe2 h6 24. Qe7 d4 25. Qxg5 hxg5 26. Kf2 d3
27. Rd1 Kf7 28. Kf3 Rd4 29. Re1 Kf6 30. g3 Kf5 31. g4+ Kf6 32. Kf2 Rd5 0-1

[Event "Gladsaxemesterskabet Mesterklasse 2004"]
[Site "Gladsaxe"]
[Date "2004.05.08"]
[Round "2"]
[White "Larsen, Peter"]
[Black "Hjortshoj, Mikkel"]
[Result "1-0"]
[WhiteElo "2180"]
[BlackElo "1989"]
[PlyCount "67"]
[EventDate "2004.05.07"]

1. e4 c5 2. Nf3 d6 3. d4 cxd4 4. Nxd4 Nf6 5. Nc3 a6 6. Bg5 e6 7. Qf3 Nbd7 8.
O-O-O Qa5 9. h4 Be7 10. Kb1 Qc7 11. Be2 b5 12. a3 Bb7 13. Qe3 O-O-O 14. g4 Kb8
15. Bxf6 gxf6 16. f4 Qb6 17. Rh3 Rc8 18. f5 Nc5 19. fxe6 fxe6 20. Nxe6 b4 21.
Nxc5 dxc5 22. axb4 Qxb4 23. Rd7 c4 24. e5 Rhe8 25. Qf4 fxe5 26. Qxe5+ Ka8 27.
Bf3 Bxf3 28. Rxf3 Bc5 29. Qd5+ Kb8 30. Rf1 Re7 31. g5 Rxd7 32. Qxd7 Qb7 33.
Qxb7+ Kxb7 34. Ne4 1-0

[Event "Gladsaxemesterskabet Mesterklasse 2004"]
[Site "Gladsaxe"]
[Date "2004.05.08"]
[Round "2"]
[White "Sylvan, Jacob"]
[Black "Skovgaard, Peter Nicolai"]
[Result "1/2-1/2"]
[WhiteElo "2237"]
[BlackElo "1948"]
[PlyCount "68"]
[EventDate "2004.05.07"]

1. e4 c5 2. c3 d5 3. exd5 Qxd5 4. d4 Nc6 5. Nf3 Bg4 6. Be2 e6 7. h3 Bxf3 8.
Bxf3 Qd7 9. dxc5 Qxd1+ 10. Bxd1 Bxc5 11. O-O Nf6 12. Nd2 O-O 13. Bf3 Rab8 14.
Nb3 Bb6 15. Bf4 e5 16. Bxc6 exf4 17. Bf3 g5 18. c4 Nd7 19. Rad1 Ne5 20. c5
Nxf3+ 21. gxf3 Bd8 22. Nd2 Rc8 23. b4 b6 24. Ne4 bxc5 25. Nxc5 Be7 26. Rd5 Rfd8
27. Rfd1 Rxd5 28. Rxd5 a5 29. a3 axb4 30. axb4 f6 31. Na6 Kf7 32. b5 Rd8 33.
Nc7 Rxd5 34. Nxd5 Bd6 1/2-1/2

[Event "Gladsaxemesterskabet Mesterklasse 2004"]
[Site "Gladsaxe"]
[Date "2004.05.08"]
[Round "2"]
[White "Frederiksen, Henrik K"]
[Black "Struch, Thomas"]
[Result "1-0"]
[WhiteElo "2037"]
[BlackElo "1915"]
[PlyCount "69"]
[EventDate "2004.05.07"]

1. Nf3 Nf6 2. d4 d5 3. Bf4 Bf5 4. e3 e6 5. Bd3 Bd6 6. Ne5 Bxd3 7. Nxd3 Bxf4 8.
exf4 Nbd7 9. O-O Ne4 10. Nd2 Nd6 11. Re1 O-O 12. c3 c6 13. Nf3 Re8 14. Nde5
Nxe5 15. Nxe5 Ne4 16. Qh5 g6 17. Qh6 Qf6 18. Rad1 Rad8 19. Rd3 Qg7 20. Qh4 Qf6
21. Qh6 Qg7 22. Qh3 Re7 23. Ng4 Rc7 24. Qh4 Rdc8 25. Rxe4 dxe4 26. Rh3 h5 27.
Nf6+ Kf8 28. Qg5 c5 29. g4 cxd4 30. Qe5 d3 31. g5 Rc6 32. Qxe4 Ke7 33. Qb4+ Kd8
34. Rxd3+ Kc7 35. Rd7+ 1-0

[Event "Gladsaxemesterskabet Mesterklasse 2004"]
[Site "Gladsaxe"]
[Date "2004.05.08"]
[Round "3"]
[White "Christensen, Jan N"]
[Black "Samuelsen, Carl Eli"]
[Result "0-1"]
[WhiteElo "2001"]
[BlackElo "2179"]
[PlyCount "44"]
[EventDate "2004.05.07"]

1. e4 d6 2. d4 g6 3. Nc3 Bg7 4. Be3 a6 5. Bd3 Nd7 6. h4 Ngf6 7. h5 Nxh5 8. g4
Nhf6 9. Bh6 Bxh6 10. Rxh6 c5 11. dxc5 Nxc5 12. f3 Qb6 13. Kd2 Be6 14. Rb1 Rc8
15. Nge2 Ncd7 16. Nf4 Bxa2 17. Ra1 Bc4 18. b3 Bxd3 19. Nxd3 Nc5 20. Na4 Qb5 21.
Nc3 Nxb3+ 22. cxb3 Qg5+ 0-1

[Event "Gladsaxemesterskabet Mesterklasse 2004"]
[Site "Gladsaxe"]
[Date "2004.05.08"]
[Round "3"]
[White "Sylvan, Jacob"]
[Black "Frederiksen, Henrik K"]
[Result "1/2-1/2"]
[WhiteElo "2237"]
[BlackElo "2037"]
[PlyCount "57"]
[EventDate "2004.05.07"]

1. d4 d5 2. Nf3 Nf6 3. c4 e6 4. Nc3 c6 5. Bg5 Be7 6. e3 Nbd7 7. Bd3 dxc4 8.
Bxc4 Nd5 9. Bxe7 Qxe7 10. O-O Nxc3 11. bxc3 e5 12. e4 O-O 13. Re1 exd4 14. cxd4
Nb6 15. Bb3 Bg4 16. h3 Bh5 17. g4 Bg6 18. Ne5 Rad8 19. f4 c5 20. d5 c4 21. Bc2
Qc5+ 22. Kg2 f6 23. Nf3 Rfe8 24. a4 c3 25. Rb1 Nc4 26. f5 Bf7 27. Qd4 Qxd4 28.
Nxd4 Rc8 29. Kf2 1/2-1/2

[Event "Gladsaxemesterskabet Mesterklasse 2004"]
[Site "Gladsaxe"]
[Date "2004.05.08"]
[Round "3"]
[White "Hjortshoj, Mikkel"]
[Black "Petersen, Steen Brustrup"]
[Result "0-1"]
[WhiteElo "1989"]
[BlackElo "2094"]
[PlyCount "50"]
[EventDate "2004.05.07"]

1. d4 Nf6 2. Nf3 d5 3. c4 c6 4. Nc3 e6 5. e3 Nbd7 6. Qc2 Bd6 7. g4 Bb4 8. Bd2
Qe7 9. g5 Bxc3 10. Bxc3 Ne4 11. Rg1 b6 12. O-O-O Bb7 13. Bd3 Nxc3 14. Qxc3 Rc8
15. e4 dxc4 16. Bxc4 b5 17. Bf1 b4 18. Qd2 O-O 19. Kb1 c5 20. Qe3 Rfd8 21. h4
cxd4 22. Nxd4 Nc5 23. Bd3 Nxd3 24. Rxd3 Qc5 25. Rgd1 e5 0-1

[Event "Gladsaxemesterskabet Mesterklasse 2004"]
[Site "Gladsaxe"]
[Date "2004.05.08"]
[Round "3"]
[White "Struch, Thomas"]
[Black "Bronnum, Jan"]
[Result "0-1"]
[WhiteElo "1915"]
[BlackElo "2104"]
[PlyCount "100"]
[EventDate "2004.05.07"]

1. e4 d5 2. exd5 Qxd5 3. Nc3 Qa5 4. d4 c6 5. Bc4 Bf5 6. Nf3 Nf6 7. Bd2 e6 8.
Nd5 Qd8 9. Nxf6+ gxf6 10. Bf4 Bd6 11. Bxd6 Qxd6 12. c3 Nd7 13. Qe2 Bg4 14.
O-O-O Nb6 15. Bb3 Qf4+ 16. Qe3 Nd5 17. Bxd5 Qxe3+ 18. fxe3 cxd5 19. Kd2 Rg8 20.
Ke2 Ke7 21. Rc1 b5 22. Kf2 Bf5 23. Nd2 Bd3 24. Nb3 Be4 25. Rhg1 Rg5 26. Nc5 f5
27. g3 Rh5 28. h4 Rh6 29. a4 bxa4 30. Nxe4 fxe4 31. Ra1 Rb8 32. Rgb1 Rf6+ 33.
Kg2 Rf3 34. Rxa4 Rb7 35. b4 Rxe3 36. Rb3 Rc7 37. Raa3 f5 38. Ra5 Kf6 39. g4 Rg7
40. g5+ Kg6 41. Rba3 f4 42. Kf2 Rf3+ 43. Kg2 Rd3 44. Ra6 Rd2+ 45. Kf1 Kf5 46.
Rxa7 Rxa7 47. Rxa7 e3 48. Re7 f3 49. Ke1 f2+ 50. Kf1 Rd1+ 0-1

[Event "Gladsaxemesterskabet Mesterklasse 2004"]
[Site "Gladsaxe"]
[Date "2004.05.09"]
[Round "4"]
[White "Bronnum, Jan"]
[Black "Sylvan, Jacob"]
[Result "1-0"]
[WhiteElo "2104"]
[BlackElo "2237"]
[PlyCount "51"]
[EventDate "2004.05.07"]

1. d4 g6 2. Nf3 Bg7 3. Bf4 d6 4. e3 Nf6 5. Bc4 O-O 6. c3 Nbd7 7. Nbd2 a6 8. a4
b6 9. O-O Bb7 10. b4 Nd5 11. Qb3 Nxf4 12. exf4 e5 13. dxe5 dxe5 14. Ng5 Qf6 15.
Nde4 Qxf4 16. Rad1 Rad8 17. f3 h6 18. Bxf7+ Rxf7 19. Ne6 Qh4 20. N4g5 Rdf8 21.
g3 Qh5 22. Nxf7 Bxf3 23. Rxd7 Be2 24. Nxf8 Bxf1 25. Nxe5+ Kh8 26. Nexg6+ 1-0

[Event "Gladsaxemesterskabet Mesterklasse 2004"]
[Site "Gladsaxe"]
[Date "2004.05.09"]
[Round "4"]
[White "Frederiksen, Henrik K"]
[Black "Skovgaard, Peter Nicolai"]
[Result "1-0"]
[WhiteElo "2037"]
[BlackElo "1948"]
[PlyCount "81"]
[EventDate "2004.05.07"]

1. d4 Nf6 2. Nf3 g6 3. c4 Bg7 4. Nc3 d5 5. Bf4 a6 6. e3 O-O 7. Qb3 dxc4 8. Qxc4
c6 9. Qb3 b5 10. Be2 Be6 11. Qc2 Nh5 12. Bxb8 Rxb8 13. b4 a5 14. a3 axb4 15.
axb4 Qd6 16. Qb2 Ra8 17. O-O f5 18. Ng5 Bc4 19. f4 Bxe2 20. Nxe2 Nf6 21. Nc3 h6
22. Qb3+ Nd5 23. Nxd5 cxd5 24. Nf3 Rfc8 25. Rxa8 Rxa8 26. Rc1 e6 27. Rc5 Qa6
28. h3 Bf8 29. Rc7 Bd6 30. Rc3 Qa1+ 31. Kh2 Qa4 32. Qb2 Bxb4 33. Rc6 Qa3 34.
Qf2 Bd6 35. Qh4 Kg7 36. Ne5 Ra6 37. Qd8 Rxc6 38. Nxc6 Bf8 39. Qd7+ Kf6 40. Qe8
Bg7 41. Ne5 1-0

[Event "Gladsaxemesterskabet Mesterklasse 2004"]
[Site "Gladsaxe"]
[Date "2004.05.09"]
[Round "4"]
[White "Brandstrup, Bo"]
[Black "Hjortshoj, Mikkel"]
[Result "0-1"]
[WhiteElo "1906"]
[BlackElo "1989"]
[PlyCount "86"]
[EventDate "2004.05.07"]

1. d4 d5 2. Nf3 Nf6 3. c4 e6 4. g3 Be7 5. Bg2 O-O 6. O-O b6 7. cxd5 exd5 8. Nc3
Bb7 9. Bf4 c6 10. Rc1 Nbd7 11. Qd3 Re8 12. a3 Nf8 13. h3 Ne6 14. Be5 Rc8 15. b4
Nd7 16. Qf5 g6 17. Qd3 f6 18. Bf4 Nxf4 19. gxf4 f5 20. Ne5 Nf6 21. Kh1 Bd6 22.
Rg1 Qe7 23. Bf3 Bxe5 24. fxe5 Ne4 25. Bxe4 dxe4 26. Qg3 c5 27. bxc5 bxc5 28.
Nb5 cxd4 29. Rxc8 Bxc8 30. Nd6 Rf8 31. Nxc8 Rxc8 32. Qb3+ Kg7 33. Qd5 Rd8 34.
Qa5 d3 35. e3 Rc8 36. Rb1 Kh6 37. Qa6 Rc2 38. Qd6 Qxd6 39. exd6 d2 40. Rd1 Rc1
41. d7 Rxd1+ 42. Kg2 Rg1+ 43. Kxg1 d1=Q+ 0-1

[Event "Gladsaxemesterskabet Mesterklasse 2004"]
[Site "Gladsaxe"]
[Date "2004.05.09"]
[Round "5"]
[White "Petersen, Steen Brustrup"]
[Black "Bronnum, Jan"]
[Result "0-1"]
[WhiteElo "2094"]
[BlackElo "2104"]
[PlyCount "58"]
[EventDate "2004.05.07"]

1. e4 d5 2. exd5 Qxd5 3. Nc3 Qa5 4. d4 c6 5. Bc4 Bf5 6. Bd2 e6 7. Nge2 Qc7 8.
Ng3 Bg6 9. Qe2 Be7 10. O-O-O Nd7 11. f4 O-O-O 12. f5 exf5 13. Rhf1 Nb6 14. Bd3
Nf6 15. Bxf5+ Kb8 16. Nce4 Rhe8 17. Qf2 Nfd5 18. Bxg6 fxg6 19. c3 Rf8 20. Qe2
Nf4 21. Bxf4 Rxf4 22. Nc5 Rxf1 23. Rxf1 Bxc5 24. dxc5 Nd5 25. Ne4 Qe5 26. Qf3
Nc7 27. g3 Ne6 28. Qe3 Nxc5 29. Qxc5 Qxe4 0-1

[Event "Gladsaxemesterskabet Mesterklasse 2004"]
[Site "Gladsaxe"]
[Date "2004.05.09"]
[Round "5"]
[White "Samuelsen, Carl Eli"]
[Black "Frederiksen, Henrik K"]
[Result "1-0"]
[WhiteElo "2179"]
[BlackElo "2037"]
[PlyCount "101"]
[EventDate "2004.05.07"]

1. d4 d5 2. c4 e6 3. Nf3 Nf6 4. Qc2 Ne4 5. e3 Nc6 6. a3 f5 7. Nc3 a6 8. Qb3 Nf6
9. cxd5 exd5 10. Bd2 Be7 11. Rc1 Qd6 12. Qc2 O-O 13. Bd3 g6 14. g3 Kg7 15. Na2
Ne4 16. Ne5 Bd7 17. Nxc6 Bxc6 18. Nb4 Rf6 19. Nxc6 bxc6 20. Qb3 Qd8 21. Qa4 Qe8
22. Ba5 Bd6 23. Bxe4 Qxe4 24. O-O Re8 25. Rxc6 Re7 26. Qc2 f4 27. Qxe4 dxe4 28.
exf4 Rf5 29. Bd2 Rd5 30. Rxa6 Kf6 31. Re1 h5 32. Rc1 h4 33. Rc5 Ke6 34. Be3 h3
35. Kf1 Rh5 36. Ke2 Kd7 37. Rxh5 gxh5 38. f3 h4 39. g4 Rf7 40. Rxd6+ cxd6 41.
fxe4 Kc6 42. g5 d5 43. e5 Kd7 44. g6 Rf8 45. Kf3 Ke6 46. Kg4 Rb8 47. f5+ Ke7
48. f6+ Ke6 49. f7 Rh8 50. g7 Rh7 51. f8=N+ 1-0

[Event "Gladsaxemesterskabet Mesterklasse 2004"]
[Site "Gladsaxe"]
[Date "2004.05.09"]
[Round "5"]
[White "Christensen, Jan N"]
[Black "Skovgaard, Peter Nicolai"]
[Result "0-1"]
[WhiteElo "2001"]
[BlackElo "1948"]
[PlyCount "76"]
[EventDate "2004.05.07"]

1. e4 c5 2. Nc3 Nc6 3. f4 g6 4. Nf3 Bg7 5. Bb5 Nd4 6. Bd3 d6 7. Nxd4 cxd4 8.
Ne2 Nf6 9. O-O O-O 10. Qe1 Nd7 11. Qf2 Nc5 12. Qf3 Qb6 13. Kh1 Nxd3 14. Qxd3
Bd7 15. c3 Bb5 16. c4 Bd7 17. b3 f5 18. Bb2 fxe4 19. Qxe4 Bf5 20. Qd5+ e6 21.
Qf3 e5 22. Qd5+ Kh8 23. Ba3 Bd3 24. Rfe1 Bxe2 25. Rxe2 exf4 26. Re7 Rf5 27.
Qxb7 Qxb7 28. Rxb7 d3 29. Re1 Re5 30. Rxe5 dxe5 31. Bb2 Kg8 32. Bc3 Bf8 33. Rb5
e4 34. Re5 Bg7 35. Rxe4 Bxc3 36. dxc3 d2 37. Rd4 Re8 38. Rxd2 Re1# 0-1

[Event "Gladsaxemesterskabet Mesterklasse 2004"]
[Site "Gladsaxe"]
[Date "2004.05.09"]
[Round "5"]
[White "Sylvan, Jacob"]
[Black "Struch, Thomas"]
[Result "1-0"]
[WhiteElo "2237"]
[BlackElo "1915"]
[PlyCount "135"]
[EventDate "2004.05.07"]

1. e4 c5 2. Nf3 Nc6 3. d4 cxd4 4. Nxd4 Nf6 5. Nc3 e5 6. Ndb5 d6 7. a4 a6 8. Na3
Be6 9. Nc4 d5 10. exd5 Nxd5 11. Nxd5 Qxd5 12. Qxd5 Bxd5 13. Nb6 Rd8 14. Nxd5
Rxd5 15. c3 g6 16. Be3 Bg7 17. Bc4 Rd7 18. Ke2 O-O 19. Rhd1 Rfd8 20. Bb6 Rxd1
21. Rxd1 Rxd1 22. Kxd1 Kf8 23. b4 Ke8 24. Bd5 Bf6 25. Kc2 Bd8 26. Be3 Bc7 27.
b5 axb5 28. axb5 Nd8 29. c4 b6 30. c5 bxc5 31. Bxc5 Bb8 32. Kb3 Kd7 33. Kc4 Ne6
34. Bxe6+ Kxe6 35. b6 f5 36. Kb5 Kd5 37. g3 f4 38. gxf4 exf4 39. Be7 h6 40. Ka6
Kc6 41. Bf8 h5 42. Be7 f3 43. h4 Bg3 44. b7 Bb8 45. Bg5 Kd5 46. Be3 Ke4 47. Ba7
Bc7 48. b8=Q Bxb8 49. Bxb8 Kf5 50. Kb5 Kg4 51. Bg3 g5 52. hxg5 Kxg5 53. Kc4 Kg4
54. Kd3 h4 55. Bb8 Kh3 56. Ke3 Kg2 57. Bc7 h3 58. Bb8 h2 59. Bxh2 Kxh2 60. Kxf3
Kh3 61. Ke4 Kg4 62. f4 Kh5 63. Kf5 Kh6 64. Kf6 Kh7 65. Kf7 Kh8 66. f5 Kh7 67.
f6 Kh8 68. Ke7 1-0